Tôn Quang Phiệt 1900-1973

Na minha lista:
Detalhes bibliográficos
Autor principal: Tôn Gia Huyên
Formato: Livro
Publicado em: H. Văn học 2014
Tags: Adicionar Tag
Sem tags, seja o primeiro a adicionar uma tag!
Thư viện lưu trữ: Mạng thư viện Đại học Đà Nẵng
LEADER 00765nam a2200229 4500
001 000020167
003 16612
005 20150812150812.0
008 150302s2014 sd
100 1 |a Tôn Gia Huyên 
245 1 0 |a Tôn Quang Phiệt  |b 1900-1973  |c St.,bs. : Tôn Gia Huyên, Chương Thâu, Tôn Thảo Miên ; Nguyễn Đình Chú (giới thiệu) 
260 |a H.  |b Văn học  |c 2014 
774 |d H.  |d Văn học  |d 2014  |g Quyến I  |h 1255 tr.  |t Lịch sử  |w 16613 
774 |d H.  |d Văn học  |d 2014  |g Quyến II  |h 683 tr.  |t Văn học  |w 16614 
OWN |a LSP 
999 |a From the UDN01 
TYP |a Monograph 
TYP |a Printed language 
980 |a Mạng thư viện Đại học Đà Nẵng